| 000 | 00382nam a2200157Ia 4500 | ||
|---|---|---|---|
| 008 | 221030s9999 xx 000 0 und d | ||
| 020 | _a8170081858 | ||
| 041 | _aEnglish | ||
| 082 |
_a105.23 _bPac |
||
| 100 | _aV. K. Pachghare | ||
| 245 | 0 |
_aComputer Graphics _cby V. K. Pachghare |
|
| 260 |
_bLaxmi Pub. _aNew Delhi _c2002 |
||
| 300 | _a224 | ||
| 650 | _aBE Computer | ||
| 942 | _cBK | ||
| 999 |
_c8170 _d8170 |
||